| 000 | 00451nam a22001457a 4500 | ||
|---|---|---|---|
| 999 |
_c18476 _d18476 |
||
| 008 | 200813b xxu||||| |||| 00| 0 eng d | ||
| 020 | _a1133365663 | ||
| 100 | _aAufmann, Richard | ||
| 245 |
_aIntroductory and intermediate algebra _bAn applied approach _cRichard Aufmann |
||
| 250 |
_a6th ed. _bInternational edition |
||
| 260 |
_aAustralia _bBrooks/Cole _c2014 |
||
| 300 | _a3 Vol (various paging) | ||
| 700 | _aJoanne Lockwood | ||
| 942 |
_2lcc _cBK |
||